000
00490nam a2200157Ia 4500
008
151213s9999 xx 000 0 und d
100
_a
রোকেয়া।
245
_a
চিন্তার উত্তরাধিকার।
_c
রোকেয়া।
250
_a
১ম সং
260
_a
ঢাকা
_b
রিয়াজ খান
_c
2008
300
_a
8370 p.
650
_a
Bangla
650
_a
উপন্যাস
700
_a
রোকেয়া।
999
_c
4209
_d
4209